Random League Champions in the Last Decade - Statistics

General Stats
  • This quiz has been taken 46 times
  • The average score is 25 of 50
Answer Stats
League Year Club % Correct
Serie A 🇮🇹 2022 AC Milan
100%
Super League 🇬🇷 2023 AEK Athens
100%
Super League 🇬🇷 2018 AEK Athens
100%
Eredivisie 🇳🇱 2022 Ajax
100%
Eredivisie 🇳🇱 2021 Ajax
100%
Eredivisie 🇳🇱 2020 Ajax
100%
Eredivisie 🇳🇱 2019 Ajax
100%
Premier League 🇪🇬 2025 Al Ahly
100%
Premier League 🇪🇬 2024 Al Ahly
100%
Premier League 🇪🇬 2023 Al Ahly
100%
Premier League 🇪🇬 2020 Al Ahly
100%
Premier League 🇪🇬 2019 Al Ahly
100%
Premier League 🇪🇬 2018 Al Ahly
100%
Premier League 🇪🇬 2017 Al Ahly
100%
Premier League 🇪🇬 2016 Al Ahly
100%
Pro League 🇸🇦 2024 Al-Hilal
100%
Pro League 🇸🇦 2022 Al-Hilal
100%
Pro League 🇸🇦 2021 Al-Hilal
100%
Pro League 🇸🇦 2020 Al-Hilal
100%
Pro League 🇸🇦 2018 Al-Hilal
100%
Pro League 🇸🇦 2017 Al-Hilal
100%
Pro League 🇸🇦 2025 Al-Ittihad
100%
Pro League 🇸🇦 2023 Al-Ittihad
100%
Pro League 🇸🇦 2019 Al-Nassr
100%
La Liga 🇪🇸 2021 Atlético Madrid
100%
La Liga 🇪🇸 2025 Barcelona
100%
La Liga 🇪🇸 2023 Barcelona
100%
La Liga 🇪🇸 2019 Barcelona
100%
La Liga 🇪🇸 2018 Barcelona
100%
La Liga 🇪🇸 2016 Barcelona
100%
Bundesliga 🇩🇪 2024 Bayer 04 Leverkusen
100%
Bundesliga 🇩🇪 2025 Bayern Munich
100%
Bundesliga 🇩🇪 2023 Bayern Munich
100%
Bundesliga 🇩🇪 2022 Bayern Munich
100%
Bundesliga 🇩🇪 2021 Bayern Munich
100%
Bundesliga 🇩🇪 2020 Bayern Munich
100%
Bundesliga 🇩🇪 2019 Bayern Munich
100%
Bundesliga 🇩🇪 2018 Bayern Munich
100%
Bundesliga 🇩🇪 2017 Bayern Munich
100%
Bundesliga 🇩🇪 2016 Bayern Munich
100%
Eliteserien 🇳🇴 2024 Bodø/Glimt
100%
Eliteserien 🇳🇴 2023 Bodø/Glimt
100%
Eliteserien 🇳🇴 2021 Bodø/Glimt
100%
Eliteserien 🇳🇴 2020 Bodø/Glimt
100%
Premiership 🏴󠁧󠁢󠁳󠁣󠁴󠁿 2025 Celtic
100%
Premiership 🏴󠁧󠁢󠁳󠁣󠁴󠁿 2024 Celtic
100%
Premiership 🏴󠁧󠁢󠁳󠁣󠁴󠁿 2023 Celtic
100%
Premiership 🏴󠁧󠁢󠁳󠁣󠁴󠁿 2022 Celtic
100%
Premiership 🏴󠁧󠁢󠁳󠁣󠁴󠁿 2020 Celtic
100%
Premiership 🏴󠁧󠁢󠁳󠁣󠁴󠁿 2019 Celtic
100%
Premiership 🏴󠁧󠁢󠁳󠁣󠁴󠁿 2018 Celtic
100%
Premiership 🏴󠁧󠁢󠁳󠁣󠁴󠁿 2017 Celtic
100%
Premiership 🏴󠁧󠁢󠁳󠁣󠁴󠁿 2016 Celtic
100%
Liga I 🇷🇴 2022 CFR Cluj
100%
Liga I 🇷🇴 2021 CFR Cluj
100%
Liga I 🇷🇴 2020 CFR Cluj
100%
Liga I 🇷🇴 2019 CFR Cluj
100%
Liga I 🇷🇴 2018 CFR Cluj
100%
Premier League 🏴󠁧󠁢󠁥󠁮󠁧󠁿 2017 Chelsea
100%
Liga MX 🇲🇽 2024 Club América
100%
Liga MX 🇲🇽 2024 Club América
100%
Liga MX 🇲🇽 2023 Club América
100%
Pro League 🇧🇪 2024 Club Brugge
100%
Pro League 🇧🇪 2022 Club Brugge
100%
Pro League 🇧🇪 2021 Club Brugge
100%
Pro League 🇧🇪 2020 Club Brugge
100%
Pro League 🇧🇪 2018 Club Brugge
100%
Pro League 🇧🇪 2016 Club Brugge
100%
Liga MX 🇲🇽 2021 Cruz Azul
100%
Nemzeti Bajnokság 🇭🇺 2025 Ferencváros
100%
Nemzeti Bajnokság 🇭🇺 2024 Ferencváros
100%
Nemzeti Bajnokság 🇭🇺 2023 Ferencváros
100%
Nemzeti Bajnokság 🇭🇺 2022 Ferencváros
100%
Nemzeti Bajnokság 🇭🇺 2021 Ferencváros
100%
Nemzeti Bajnokság 🇭🇺 2020 Ferencváros
100%
Nemzeti Bajnokság 🇭🇺 2019 Ferencváros
100%
Nemzeti Bajnokság 🇭🇺 2016 Ferencváros
100%
Serie A 🇮🇹 2024 Inter Milan
100%
Serie A 🇮🇹 2021 Inter Milan
100%
Serie A 🇮🇹 2020 Juventus
100%
Serie A 🇮🇹 2019 Juventus
100%
Serie A 🇮🇹 2018 Juventus
100%
Serie A 🇮🇹 2017 Juventus
100%
Serie A 🇮🇹 2016 Juventus
100%
Estraklasa 🇵🇱 2021 Legia Warsaw
100%
Estraklasa 🇵🇱 2020 Legia Warsaw
100%
Estraklasa 🇵🇱 2018 Legia Warsaw
100%
Estraklasa 🇵🇱 2017 Legia Warsaw
100%
Estraklasa 🇵🇱 2016 Legia Warsaw
100%
Premier League 🏴󠁧󠁢󠁥󠁮󠁧󠁿 2016 Leicester City
100%
Liga MX 🇲🇽 2020 León
100%
Primera División 🇵🇾 2025 Libertad
100%
Primera División 🇵🇾 2023 Libertad
100%
Primera División 🇵🇾 2022 Libertad
100%
Primera División 🇵🇾 2021 Libertad
100%
Primera División 🇵🇾 2019 Libertad
100%
Primera División 🇵🇾 2017 Libertad
100%
Premier League 🏴󠁧󠁢󠁥󠁮󠁧󠁿 2025 Liverpool
100%
Premier League 🏴󠁧󠁢󠁥󠁮󠁧󠁿 2020 Liverpool
100%
Premier League 🏴󠁧󠁢󠁥󠁮󠁧󠁿 2024 Manchester City
100%
Premier League 🏴󠁧󠁢󠁥󠁮󠁧󠁿 2023 Manchester City
100%
Premier League 🏴󠁧󠁢󠁥󠁮󠁧󠁿 2022 Manchester City
100%
Premier League 🏴󠁧󠁢󠁥󠁮󠁧󠁿 2021 Manchester City
100%
Premier League 🏴󠁧󠁢󠁥󠁮󠁧󠁿 2019 Manchester City
100%
Premier League 🏴󠁧󠁢󠁥󠁮󠁧󠁿 2018 Manchester City
100%
Primera División 🇵🇾 2024 Olimpia
100%
Primera División 🇵🇾 2020 Olimpia
100%
Primera División 🇵🇾 2016 Olimpia
100%
Super League 🇬🇷 2025 Olympiacos
100%
Super League 🇬🇷 2022 Olympiacos
100%
Super League 🇬🇷 2021 Olympiacos
100%
Super League 🇬🇷 2020 Olympiacos
100%
Super League 🇬🇷 2017 Olympiacos
100%
Super League 🇬🇷 2016 Olympiacos
100%
Liga MX 🇲🇽 2022 Pachuca
100%
Ligue 1 🇫🇷 2025 Paris Saint-Germain
100%
Ligue 1 🇫🇷 2024 Paris Saint-Germain
100%
Ligue 1 🇫🇷 2023 Paris Saint-Germain
100%
Ligue 1 🇫🇷 2022 Paris Saint-Germain
100%
Ligue 1 🇫🇷 2020 Paris Saint-Germain
100%
Ligue 1 🇫🇷 2019 Paris Saint-Germain
100%
Ligue 1 🇫🇷 2018 Paris Saint-Germain
100%
Ligue 1 🇫🇷 2016 Paris Saint-Germain
100%
Botola Pro 🇲🇦 2024 Raja Casablanca
100%
Botola Pro 🇲🇦 2020 Raja Casablanca
100%
Premiership 🏴󠁧󠁢󠁳󠁣󠁴󠁿 2021 Rangers
100%
La Liga 🇪🇸 2024 Real Madrid
100%
La Liga 🇪🇸 2022 Real Madrid
100%
La Liga 🇪🇸 2020 Real Madrid
100%
La Liga 🇪🇸 2017 Real Madrid
100%
First League 🇨🇿 2025 Slavia Prague
100%
First League 🇨🇿 2021 Slavia Prague
100%
First League 🇨🇿 2020 Slavia Prague
100%
First League 🇨🇿 2019 Slavia Prague
100%
First League 🇨🇿 2017 Slavia Prague
100%
First League 🇨🇿 2024 Sparta Prague
100%
First League 🇨🇿 2023 Sparta Prague
100%
Serie A 🇮🇹 2025 SSC Napoli
100%
Serie A 🇮🇹 2023 SSC Napoli
100%
Liga I 🇷🇴 2025 Steaua București
100%
Liga I 🇷🇴 2024 Steaua București
100%
A-League 🇦🇺 2020 Sydney
100%
A-League 🇦🇺 2019 Sydney
100%
A-League 🇦🇺 2017 Sydney
100%
Liga MX 🇲🇽 2023 Tigres
100%
First League 🇨🇿 2022 Viktoria Plzeň
100%
First League 🇨🇿 2018 Viktoria Plzeň
100%
First League 🇨🇿 2016 Viktoria Plzeň
100%
Eliteserien 🇳🇴 2022 Molde
80%
Eliteserien 🇳🇴 2019 Molde
80%
Eliteserien 🇳🇴 2018 Rosenborg
80%
Eliteserien 🇳🇴 2017 Rosenborg
80%
Eliteserien 🇳🇴 2016 Rosenborg
80%
Eliteserien 🇳🇴 2015 Rosenborg
80%
Categoría Primera A 🇨🇴 2024 Atlético Nacional
75%
Categoría Primera A 🇨🇴 2022 Atlético Nacional
75%
Ligue 1 🇫🇷 2021 Lille
75%
Ligue 1 🇫🇷 2017 Monaco
75%
Bundesliga 🇦🇹 2023 Red Bull Salzburg
75%
Bundesliga 🇦🇹 2022 Red Bull Salzburg
75%
Bundesliga 🇦🇹 2021 Red Bull Salzburg
75%
Bundesliga 🇦🇹 2020 Red Bull Salzburg
75%
Bundesliga 🇦🇹 2019 Red Bull Salzburg
75%
Bundesliga 🇦🇹 2018 Red Bull Salzburg
75%
Bundesliga 🇦🇹 2017 Red Bull Salzburg
75%
Bundesliga 🇦🇹 2016 Red Bull Salzburg
75%
A-League 🇦🇺 2016 Adelaide United
67%
Pro League 🇧🇪 2017 Anderlecht
67%
Pro League 🇧🇪 2023 Antwerp
67%
Super League 🇨🇭 2025 Basel
67%
Super League 🇨🇭 2017 Basel
67%
Super League 🇨🇭 2016 Basel
67%
Superliga 🇩🇰 2025 Copenhagen
67%
Superliga 🇩🇰 2023 Copenhagen
67%
Superliga 🇩🇰 2022 Copenhagen
67%
Superliga 🇩🇰 2019 Copenhagen
67%
Superliga 🇩🇰 2017 Copenhagen
67%
Superliga 🇩🇰 2016 Copenhagen
67%
Eredivisie 🇳🇱 2023 Feyenoord
67%
Eredivisie 🇳🇱 2017 Feyenoord
67%
Eredivisie 🇳🇱 2025 PSV
67%
Eredivisie 🇳🇱 2024 PSV
67%
Eredivisie 🇳🇱 2018 PSV
67%
Eredivisie 🇳🇱 2016 PSV
67%
First Football League 🇸🇰 2025 Slovan Bratislava
67%
First Football League 🇸🇰 2024 Slovan Bratislava
67%
First Football League 🇸🇰 2023 Slovan Bratislava
67%
First Football League 🇸🇰 2022 Slovan Bratislava
67%
First Football League 🇸🇰 2021 Slovan Bratislava
67%
First Football League 🇸🇰 2020 Slovan Bratislava
67%
First Football League 🇸🇰 2019 Slovan Bratislava
67%
Super League 🇨🇭 2024 Young Boys
67%
Super League 🇨🇭 2023 Young Boys
67%
Super League 🇨🇭 2021 Young Boys
67%
Super League 🇨🇭 2020 Young Boys
67%
Super League 🇨🇭 2019 Young Boys
67%
Super League 🇨🇭 2018 Young Boys
67%
Super League 🇨🇭 2022 Zürich
67%
Pro League 🇦🇪 2022 Al Ain
50%
Pro League 🇦🇪 2018 Al Ain
50%
Categoría Primera A 🇨🇴 2024 Atlético Bucaramanga
50%
Serie A 🇪🇨 2020 Barcelona
50%
Serie A 🇪🇨 2016 Barcelona
50%
Primera División 🇨🇱 2024 Colo-Colo
50%
Primera División 🇨🇱 2022 Colo-Colo
50%
Primera División 🇨🇱 2017 Colo-Colo
50%
Ligue 1 🇩🇿 2017 ES Sétif
50%
Premier League 🇦🇿 2025 Qarabağ
50%
Premier League 🇦🇿 2024 Qarabağ
50%
Premier League 🇦🇿 2023 Qarabağ
50%
Premier League 🇦🇿 2022 Qarabağ
50%
Premier League 🇦🇿 2020 Qarabağ
50%
Premier League 🇦🇿 2019 Qarabağ
50%
Premier League 🇦🇿 2018 Qarabağ
50%
Premier League 🇦🇿 2017 Qarabağ
50%
Premier League 🇦🇿 2016 Qarabağ
50%
K League 1 🇰🇷 2016 Seoul
50%
J1 League 🇯🇵 2024 Vissel Kobe
50%
J1 League 🇯🇵 2023 Vissel Kobe
50%
Botola Pro 🇲🇦 2022 Wydad Casablanca
50%
Botola Pro 🇲🇦 2021 Wydad Casablanca
50%
Botola Pro 🇲🇦 2019 Wydad Casablanca
50%
Botola Pro 🇲🇦 2017 Wydad Casablanca
50%
J1 League 🇯🇵 2022 Yokohama F. Marinos
50%
J1 League 🇯🇵 2019 Yokohama F. Marinos
50%
Allsvenskan 🇸🇪 2018 AIK
33%
A-League 🇦🇺 2024 Central Coast Mariners
33%
A-League 🇦🇺 2023 Central Coast Mariners
33%
Pro League 🇧🇪 2019 Genk
33%
Allsvenskan 🇸🇪 2024 Malmö FF
33%
Allsvenskan 🇸🇪 2023 Malmö FF
33%
Allsvenskan 🇸🇪 2021 Malmö FF
33%
Allsvenskan 🇸🇪 2020 Malmö FF
33%
Allsvenskan 🇸🇪 2017 Malmö FF
33%
Allsvenskan 🇸🇪 2016 Malmö FF
33%
A-League 🇦🇺 2018 Melbourne Victory
33%
Serie A 🇪🇨 2021 Independiente del Valle
25%
J1 League 🇯🇵 2016 Kashima Antlers
25%
J1 League 🇯🇵 2021 Kawasaki Frontale
25%
J1 League 🇯🇵 2020 Kawasaki Frontale
25%
J1 League 🇯🇵 2018 Kawasaki Frontale
25%
J1 League 🇯🇵 2017 Kawasaki Frontale
25%
Serie A 🇪🇨 2024 LDU Quito
25%
Serie A 🇪🇨 2023 LDU Quito
25%
Serie A 🇪🇨 2018 LDU Quito
25%
J1 League 🇯🇵 2015 Sanfrecce Hiroshima
25%
Bundesliga 🇦🇹 2025 Sturm Graz
25%
Bundesliga 🇦🇹 2024 Sturm Graz
25%
Pro League 🇸🇦 2016 Al-Ahli
0%
Primera División 🇨🇷 2025 Alajuelense
0%
Primera División 🇨🇷 2020 Alajuelense
0%
Stars League 🇶🇦 2023 Al-Duhail
0%
Stars League 🇶🇦 2020 Al-Duhail
0%
Stars League 🇶🇦 2018 Al-Duhail
0%
Liga Panameña 🇵🇦 2022 Alianza
0%
Pro League 🇦🇪 2021 Al Jazira
0%
Pro League 🇦🇪 2017 Al Jazira
0%
Stars League 🇶🇦 2016 Al-Rayyan
0%
Stars League 🇶🇦 2025 Al-Sadd
0%
Stars League 🇶🇦 2024 Al-Sadd
0%
Stars League 🇶🇦 2022 Al-Sadd
0%
Stars League 🇶🇦 2021 Al-Sadd
0%
Stars League 🇶🇦 2019 Al-Sadd
0%
Pro League 🇦🇪 2024 Al Wasl
0%
Categoría Primera A 🇨🇴 2020 América de Cali
0%
Liga Nacional 🇬🇹 2025 Antigua
0%
First Division 🇨🇾 2024 APOEL
0%
First Division 🇨🇾 2019 APOEL
0%
First Division 🇨🇾 2018 APOEL
0%
First Division 🇨🇾 2017 APOEL
0%
First Division 🇨🇾 2016 APOEL
0%
First Division 🇨🇾 2022 Apollon Limassol
0%
First Division 🇨🇾 2023 Aris Limassol
0%
Liga I 🇷🇴 2016 Astra Giurgiu
0%
MLS 🇺🇸 2018 Atlanta United
0%
Liga MX 🇲🇽 2022 Atlas
0%
Liga MX 🇲🇽 2021 Atlas
0%
Série A 🇧🇷 2021 Atlético Mineiro
0%
Serie A 🇪🇨 2022 Aucas
0%
Primeira Liga 🇵🇹 2023 Benfica
0%
Primeira Liga 🇵🇹 2019 Benfica
0%
Primeira Liga 🇵🇹 2017 Benfica
0%
Primeira Liga 🇵🇹 2016 Benfica
0%
Süper Lig 🇹🇷 2021 Beşiktaş
0%
Süper Lig 🇹🇷 2017 Beşiktaş
0%
Süper Lig 🇹🇷 2016 Beşiktaş
0%
Premiership 🇿🇦 2017 Bidvest Wits
0%
Allsvenskan 🇸🇪 2022 BK Häcken
0%
Primera División 🇦🇷 2022 Boca Juniors
0%
Primera División 🇦🇷 2020 Boca Juniors
0%
Primera División 🇦🇷 2018 Boca Juniors
0%
Primera División 🇦🇷 2017 Boca Juniors
0%
Série A 🇧🇷 2024 Botafogo
0%
Superliga 🇩🇰 2021 Brøndby
0%
Nemzeti Bajnokság 🇭🇺 2017 Budapest Honvéd
0%
Primera División 🇨🇷 2022 Cartaginés
0%
Primera División 🇵🇾 2018 Cerro Porteño
0%
Liga Nacional 🇬🇹 2022 Cobán Imperial
0%
MLS 🇺🇸 2023 Columbus Crew
0%
MLS 🇺🇸 2020 Columbus Crew
0%
Liga Nacional 🇬🇹 2023 Comunicaciones
0%
Liga Nacional 🇬🇹 2022 Comunicaciones
0%
Série A 🇧🇷 2017 Corinthians
0%
Série A 🇧🇷 2015 Corinthians
0%
Ligue 1 🇩🇿 2023 CR Belouizdad
0%
Ligue 1 🇩🇿 2022 CR Belouizdad
0%
Ligue 1 🇩🇿 2021 CR Belouizdad
0%
Ligue 1 🇩🇿 2020 CR Belouizdad
0%
Ligue 1 🇩🇿 2018 CS Constantine
0%
Serie A 🇪🇨 2019 Delfín
0%
Categoría Primera A 🇨🇴 2021 Deportes Tolima
0%
Categoría Primera A 🇨🇴 2021 Deportivo Cali
0%
Categoría Primera A 🇨🇴 2022 Deportivo Pereira
0%
Football League 🇭🇷 2024 Dinamo Zagreb
0%
Football League 🇭🇷 2023 Dinamo Zagreb
0%
Football League 🇭🇷 2022 Dinamo Zagreb
0%
Football League 🇭🇷 2021 Dinamo Zagreb
0%
Football League 🇭🇷 2020 Dinamo Zagreb
0%
Football League 🇭🇷 2019 Dinamo Zagreb
0%
Football League 🇭🇷 2018 Dinamo Zagreb
0%
Football League 🇭🇷 2016 Dinamo Zagreb
0%
Pro League 🇮🇷 2025 Tractor
0%
Allsvenskan 🇸🇪 2019 Djurgårdens IF
0%
Serie A 🇪🇨 2017 Emelec
0%
Serie A 🇪🇨 2015 Emelec
0%
Ligue 1 🇹🇳 2023 ES Sahel
0%
Ligue 1 🇹🇳 2016 ES Sahel
0%
Pro League 🇮🇷 2022 Esteghlal
0%
Pro League 🇮🇷 2016 Esteghlal Khuzestan
0%
Ligue 1 🇹🇳 2025 ES Tunis
0%
Ligue 1 🇹🇳 2024 ES Tunis
0%
Ligue 1 🇹🇳 2022 ES Tunis
0%
Ligue 1 🇹🇳 2021 ES Tunis
0%
Ligue 1 🇹🇳 2020 ES Tunis
0%
Ligue 1 🇹🇳 2019 ES Tunis
0%
Ligue 1 🇹🇳 2018 ES Tunis
0%
Ligue 1 🇹🇳 2017 ES Tunis
0%
Botola Pro 🇲🇦 2023 FAR Rabat
0%
Liga I 🇷🇴 2023 Farul Constanța
0%
Nemzeti Bajnokság 🇭🇺 2018 Fehérvár
0%
Série A 🇧🇷 2020 Flamengo
0%
Série A 🇧🇷 2019 Flamengo
0%
Botola Pro 🇲🇦 2016 FUS Rabat
0%
Süper Lig 🇹🇷 2025 Galatasaray
0%
Süper Lig 🇹🇷 2024 Galatasaray
0%
Süper Lig 🇹🇷 2023 Galatasaray
0%
Süper Lig 🇹🇷 2019 Galatasaray
0%
Süper Lig 🇹🇷 2018 Galatasaray
0%
Liga Nacional 🇬🇹 2020 Guastatoya
0%
Primera División 🇨🇷 2024 Herediano
0%
Primera División 🇨🇷 2021 Herediano
0%
Primera División 🇨🇱 2023 Huachipato
0%
Allsvenskan 🇸🇪 2015 IFK Norrköping
0%
Liga Panameña 🇵🇦 2024 Independiente
0%
Liga Panameña 🇵🇦 2023 Independiente
0%
Liga Panameña 🇵🇦 2023 Independiente
0%
Liga Panameña 🇵🇦 2022 Independiente
0%
Liga Panameña 🇵🇦 2020 Independiente
0%
Botola Pro 🇲🇦 2018 IR Tanger
0%
Süper Lig 🇹🇷 2020 İstanbul Başakşehir
0%
Estraklasa 🇵🇱 2024 Jagiellonia Białystok
0%
K League 1 🇰🇷 2021 Jeonbuk Hyundai Motors
0%
K League 1 🇰🇷 2020 Jeonbuk Hyundai Motors
0%
K League 1 🇰🇷 2019 Jeonbuk Hyundai Motors
0%
K League 1 🇰🇷 2018 Jeonbuk Hyundai Motors
0%
K League 1 🇰🇷 2017 Jeonbuk Hyundai Motors
0%
K League 1 🇰🇷 2015 Jeonbuk Hyundai Motors
0%
Categoría Primera A 🇨🇴 2023 Junior
0%
MLS 🇺🇸 2024 LA Galaxy
0%
Primera División 🇦🇷 2016 Lanús
0%
Estraklasa 🇵🇱 2025 Lech Poznań
0%
Estraklasa 🇵🇱 2022 Lech Poznań
0%
Stars League 🇶🇦 2017 Lekhwiya
0%
MLS 🇺🇸 2022 Los Angeles
0%
Liga Nacional 🇬🇹 2021 Malacateco
0%
Premiership 🇿🇦 2025 Mamelodi Sundowns
0%
Premiership 🇿🇦 2024 Mamelodi Sundowns
0%
Premiership 🇿🇦 2023 Mamelodi Sundowns
0%
Premiership 🇿🇦 2022 Mamelodi Sundowns
0%
Premiership 🇿🇦 2021 Mamelodi Sundowns
0%
Premiership 🇿🇦 2020 Mamelodi Sundowns
0%
Premiership 🇿🇦 2019 Mamelodi Sundowns
0%
Premiership 🇿🇦 2018 Mamelodi Sundowns
0%
Premiership 🇿🇦 2016 Mamelodi Sundowns
0%
Ligue 1 🇩🇿 2025 MC Alger
0%
Ligue 1 🇩🇿 2024 MC Alger
0%
A-League 🇦🇺 2025 Melbourne City
0%
A-League 🇦🇺 2021 Melbourne City
0%
Superliga 🇩🇰 2024 Midtjylland
0%
Superliga 🇩🇰 2020 Midtjylland
0%
Superliga 🇩🇰 2018 Midtjylland
0%
Categoría Primera A 🇨🇴 2023 Millonarios
0%
Liga Nacional 🇭🇳 2025 Motagua
0%
Liga Nacional 🇭🇳 2022 Motagua
0%
Liga Nacional 🇭🇳 2020 Motagua
0%
Liga Nacional 🇬🇹 2024 Municipal
0%
Premier League 🇦🇿 2021 Neftçi
0%
MLS 🇺🇸 2021 New York City
0%
Liga Nacional 🇭🇳 2024 Olimpia
0%
Liga Nacional 🇭🇳 2024 Olimpia
0%
Liga Nacional 🇭🇳 2023 Olimpia
0%
Liga Nacional 🇭🇳 2023 Olimpia
0%
Liga Nacional 🇭🇳 2022 Olimpia
0%
Liga Nacional 🇭🇳 2021 Olimpia
0%
Liga Nacional 🇭🇳 2021 Olimpia
0%
First Division 🇨🇾 2021 Omonia
0%
First Division 🇨🇾 2020 Omonia
0%
First Division 🇨🇾 2025 Pafos
0%
Série A 🇧🇷 2023 Palmeiras
0%
Série A 🇧🇷 2022 Palmeiras
0%
Série A 🇧🇷 2018 Palmeiras
0%
Série A 🇧🇷 2016 Palmeiras
0%
Super League 🇬🇷 2024 PAOK
0%
Super League 🇬🇷 2019 PAOK
0%
SuperLiga 🇷🇸 2017 Partizan
0%
Pro League 🇮🇷 2024 Persepolis
0%
Pro League 🇮🇷 2023 Persepolis
0%
Pro League 🇮🇷 2021 Persepolis
0%
Pro League 🇮🇷 2020 Persepolis
0%
Pro League 🇮🇷 2019 Persepolis
0%
Pro League 🇮🇷 2018 Persepolis
0%
Pro League 🇮🇷 2017 Persepolis
0%
Estraklasa 🇵🇱 2019 Piast Gliwice
0%
Primera División 🇦🇷 2025 Platense
0%
Liga Panameña 🇵🇦 2025 Plaza Amador
0%
Liga Panameña 🇵🇦 2021 Plaza Amador
0%
MLS 🇺🇸 2015 Portland Timbers
0%
Primeira Liga 🇵🇹 2022 Porto
0%
Primeira Liga 🇵🇹 2020 Porto
0%
Primeira Liga 🇵🇹 2018 Porto
0%
Primera División 🇦🇷 2019 Racing
0%
Estraklasa 🇵🇱 2023 Raków Częstochowa
0%
SuperLiga 🇷🇸 2025 Red Star
0%
SuperLiga 🇷🇸 2024 Red Star
0%
SuperLiga 🇷🇸 2023 Red Star
0%
SuperLiga 🇷🇸 2022 Red Star
0%
SuperLiga 🇷🇸 2021 Red Star
0%
SuperLiga 🇷🇸 2020 Red Star
0%
SuperLiga 🇷🇸 2019 Red Star
0%
SuperLiga 🇷🇸 2018 Red Star
0%
SuperLiga 🇷🇸 2016 Red Star
0%
Football League 🇭🇷 2025 Rijeka
0%
Football League 🇭🇷 2017 Rijeka
0%
Primera División 🇦🇷 2023 River Plate
0%
Primera División 🇦🇷 2021 River Plate
0%
Botola Pro 🇲🇦 2025 RS Berkane
0%
Categoría Primera A 🇨🇴 2025 Santa Fe
0%
Liga Nacional 🇬🇹 2021 Santa Lucía
0%
Primera División 🇨🇷 2024 Saprissa
0%
Primera División 🇨🇷 2023 Saprissa
0%
Primera División 🇨🇷 2023 Saprissa
0%
Primera División 🇨🇷 2022 Saprissa
0%
Primera División 🇨🇷 2021 Saprissa
0%
MLS 🇺🇸 2019 Seattle Sounders
0%
MLS 🇺🇸 2016 Seattle Sounders
0%
Pro League 🇦🇪 2025 Shabab Al Ahli
0%
Pro League 🇦🇪 2023 Shabab Al Ahli
0%
Pro League 🇦🇪 2020 Shabab Al Ahli
0%
Pro League 🇦🇪 2016 Shabab Al Ahli
0%
Pro League 🇦🇪 2019 Sharjah
0%
Premier League 🇹🇿 2021 Simba
0%
Premier League 🇹🇿 2020 Simba
0%
Premier League 🇹🇿 2019 Simba
0%
Premier League 🇹🇿 2018 Simba
0%
First Football League 🇸🇰 2018 Spartak Trnava
0%
Primeira Liga 🇵🇹 2025 Sporting
0%
Primeira Liga 🇵🇹 2024 Sporting
0%
Primeira Liga 🇵🇹 2021 Sporting
0%
Liga Panameña 🇵🇦 2024 Tauro
0%
Liga Panameña 🇵🇦 2021 Tauro
0%
Liga MX 🇲🇽 2025 Toluca
0%
MLS 🇺🇸 2017 Toronto
0%
Süper Lig 🇹🇷 2022 Trabzonspor
0%
First Football League 🇸🇰 2016 Trenčín
0%
K League 1 🇰🇷 2024 Ulsan HD
0%
K League 1 🇰🇷 2023 Ulsan Hyundai
0%
K League 1 🇰🇷 2022 Ulsan Hyundai
0%
Pro League 🇧🇪 2025 Union Saint-Gilloise
0%
Primera División 🇨🇱 2021 Universidad Católica
0%
Primera División 🇨🇱 2020 Universidad Católica
0%
Primera División 🇨🇱 2019 Universidad Católica
0%
Primera División 🇨🇱 2018 Universidad Católica
0%
Primera División 🇨🇱 2016 Universidad Católica
0%
Primera División 🇨🇱 2017 Universidad de Chile
0%
Ligue 1 🇩🇿 2019 USM Alger
0%
Ligue 1 🇩🇿 2016 USM Alger
0%
Primera División 🇦🇷 2024 Vélez Sarsfield
0%
Liga I 🇷🇴 2017 Viitorul Constanța
0%
A-League 🇦🇺 2022 Western United
0%
Liga Nacional 🇬🇹 2024 Xelajú
0%
Liga Nacional 🇬🇹 2023 Xelajú
0%
Premier League 🇹🇿 2025 Young Africans
0%
Premier League 🇹🇿 2024 Young Africans
0%
Premier League 🇹🇿 2023 Young Africans
0%
Premier League 🇹🇿 2022 Young Africans
0%
Premier League 🇹🇿 2017 Young Africans
0%
Premier League 🇹🇿 2016 Young Africans
0%
Premier League 🇪🇬 2022 Zamalek
0%
Premier League 🇪🇬 2021 Zamalek
0%
First Football League 🇸🇰 2017 Žilina
0%
No matching quizzes found
Score Distribution
Percent of People with Each Score
Percentile by Number Answered
Your Score History
You have not taken this quiz